[Event "PRO League Stage"]
[Site "Chess.com INT"]
[Date "2017.02.11"]
[Round "5"]
[White "Sai, Krishna GV"]
[Black "Giannatos, Peter"]
[Result "0-1"]
[WhiteElo "2339"]
[BlackElo "2284"]
[WhiteFideId "-1"]
[WhiteFideId "-1"]
[PlyCount "44"]
[GameId "1088370458423296"]
[EventDate "2017.01.11"]
[EventType "team-swiss (rapid)"]
[EventRounds "7"]
[EventCountry "USA"]
[SourceTitle "CBM 176 Extra"]
[Source "ChessBase"]
[SourceDate "2017.03.02"]
[SourceVersion "1"]
[SourceVersionDate "2017.03.02"]
[SourceQuality "1"]
[WhiteTeam "Amaravati Yodhas"]
[BlackTeam "Carolina Cobras"]
[WhiteTeamCountry "IND"]
[BlackTeamCountry "USA"]

1. Nc3 d5 2. e4 e6 3. d4 Bb4 4. Nge2 Nf6 5. Bg5 h6 6. Bxf6 Qxf6 7. a3 Bxc3+ 8. Nxc3 O-O 9. exd5 exd5 10. Nxd5 Re8+ 11. Be2 Qg5 12. Nxc7 Qxg2 13. Kd2 Qg5+ 14. Kd3 Bf5+ 15. Kc3 Rc8 16. Kb3 Rxc7 17. c4 b5 18. cxb5 Be6+ 19. Kb4 a5+ 20. bxa6 Nxa6+ 21. Bxa6 Rb8+ 22. Ka4 Bd7+ 0-1

[Event "PRO League Stage"]
[Site "Chess.com INT"]
[Date "2017.02.15"]
[Round "6"]
[White "Sai, Krishna GV"]
[Black "De Abreu, Roberto N"]
[Result "1/2-1/2"]
[WhiteElo "2339"]
[BlackElo "2110"]
[WhiteFideId "-1"]
[WhiteFideId "-1"]
[PlyCount "152"]
[GameId "1088370459942912"]
[EventDate "2017.01.11"]
[EventType "team-swiss (rapid)"]
[EventRounds "7"]
[EventCountry "USA"]
[SourceTitle "CBM 176 Extra"]
[Source "ChessBase"]
[SourceDate "2017.03.02"]
[SourceVersion "1"]
[SourceVersionDate "2017.03.02"]
[SourceQuality "1"]
[WhiteTeam "Amaravati Yodhas"]
[BlackTeam "Johannesburg Koeksisters"]
[WhiteTeamCountry "IND"]
[BlackTeamCountry "RSA"]

1. Nc3 d5 2. e4 e6 3. d4 Bb4 4. Nge2 dxe4 5. a3 Bxc3+ 6. Nxc3 Nc6 7. Bb5 Nge7 8. O-O O-O 9. Bxc6 Nxc6 10. d5 exd5 11. Qxd5 Be6 12. Qxe4 Qf6 13. Qf4 Nd4 14. Qxf6 gxf6 15. Bh6 Rfd8 16. Ne4 Bf5 17. Nxf6+ Kh8 18. Nh5 Rg8 19. Rad1 Ne2+ 20. Kh1 Rg6 21. Be3 Bg4 22. f3 Bxh5 23. Rf2 Re6 24. Rxe2 Kg8 25. Kg1 Rae8 26. Kf2 Bg6 27. Rde1 b6 28. Bf4 Rxe2+ 29. Rxe2 Rxe2+ 30. Kxe2 Bxc2 31. Bxc7 Kf8 32. Kd2 Bf5 33. Kc3 Ke7 34. Bb8 a6 35. Ba7 b5 36. Kb4 Kd6 37. Ka5 Bc8 38. Kb6 Kd5 39. Kc7 Be6 40. Kb7 a5 41. Kb6 b4 42. a4 Kc4 43. Kxa5 Bd7 44. Kb6 Bxa4 45. Kc7 Kd3 46. Kd6 Ke2 47. Ke7 Kf1 48. g4 Bd1 49. Kxf7 Bxf3 50. g5 Kg2 51. h4 Kh3 52. Bf2 Kg4 53. Kg7 Be4 54. Kh6 Bg6 55. b3 Bc2 56. Be1 Kh3 57. Kh5 Bd1+ 58. Kh6 Bc2 59. Bf2 Kg4 60. h5 Bd3 61. Be3 Be4 62. Bd2 Bc2 63. g6 hxg6 64. hxg6 Bxb3 65. g7 Bf7 66. Kh7 Ba2 67. Bxb4 Bb3 68. Kg6 Ba2 69. Kf6 Bb3 70. Ke5 Ba2 71. Kd4 Bb3 72. Ke5 Bg8 73. Kf6 Ba2 74. Ke7 Bb3 75. Kf6 Ba2 76. Ke7 Bb3 1/2-1/2

[Event "Menorca op-A"]
[Site "Ciutadella ESP"]
[Date "2025.04.23"]
[Round "2"]
[White "Sai, Krishna GV"]
[Black "Murzin, Volodar"]
[Result "0-1"]
[WhiteElo "2384"]
[BlackElo "2658"]
[WhiteFideId "-1"]
[WhiteFideId "-1"]
[PlyCount "96"]
[GameId "530153292868"]
[EventDate "2025.04.22"]
[EventType "swiss"]
[EventRounds "9"]
[EventCountry "ESP"]
[SourceTitle "Mega2025 Update 26"]
[Source "Chessbase"]
[SourceDate "2025.05.01"]
[SourceVersion "1"]
[SourceVersionDate "2025.05.01"]
[SourceQuality "1"]

1. e4 e5 2. Nf3 Nc6 3. Bb5 a6 4. Ba4 Nf6 5. O-O d6 6. Re1 Bd7 7. c3 g6 8. d4 Bg7 9. h3 O-O 10. Nbd2 exd4 11. cxd4 Nb4 12. Bb3 Nd3 13. Re3 Nxc1 14. Rxc1 Nh5 15. e5 Nf4 16. g3 Nxh3+ 17. Kg2 Bf5 18. Ne4 d5 19. Nf6+ Bxf6 20. exf6 c6 21. Re7 Qd6 22. Rxb7 Qxf6 23. Rb6 Be4 24. Rcxc6 Qf5 25. Rf6 Qh5 26. Kf1 Rac8 27. Ne5 Qg5 28. Rbc6 Rxc6 29. Rxc6 h5 30. Qe2 Qf5 31. Bc2 Ng5 32. Bxe4 dxe4 33. Qxa6 e3 34. Rf6 Qb1+ 35. Kg2 Qe4+ 36. Kf1 Rb8 37. b3 Ra8 38. Qc6 e2+ 39. Ke1 Qb1+ 40. Kxe2 Rxa2+ 41. Ke3 Qe1+ 42. Kd3 Qe2+ 43. Kc3 Rc2+ 44. Kb4 Qd2+ 45. Kb5 Rxc6 46. Nxc6 Ne4 47. Rf4 g5 48. Rf5 Nd6+ 0-1

[Event "Menorca op-A"]
[Site "Ciutadella ESP"]
[Date "2025.04.25"]
[Round "6"]
[White "Sai, Krishna GV"]
[Black "Cuenca Jimenez, Jose Fernando"]
[Result "0-1"]
[WhiteElo "2384"]
[BlackElo "2487"]
[WhiteFideId "-1"]
[WhiteFideId "-1"]
[PlyCount "96"]
[GameId "530153293000"]
[EventDate "2025.04.22"]
[EventType "swiss"]
[EventRounds "9"]
[EventCountry "ESP"]
[SourceTitle "Mega2025 Update 26"]
[Source "Chessbase"]
[SourceDate "2025.05.01"]
[SourceVersion "1"]
[SourceVersionDate "2025.05.01"]
[SourceQuality "1"]

1. e4 e5 2. Nf3 Nc6 3. Bb5 a6 4. Ba4 Nf6 5. O-O Be7 6. Re1 b5 7. Bb3 d6 8. c3 O-O 9. h3 Nb8 10. d4 Nbd7 11. Nbd2 Bb7 12. Bc2 c5 13. d5 c4 14. b3 cxb3 15. axb3 Qc7 16. Bb2 Rfb8 17. Qe2 a5 18. Rec1 b4 19. Nc4 Nc5 20. Qe1 Nfd7 21. Ne3 Ba6 22. Ra2 g6 23. cxb4 axb4 24. Rca1 Qb7 25. Qb1 Bd8 26. Bc1 Be2 27. Rxa8 Rxa8 28. Rxa8 Qxa8 29. Bd2 Qa6 30. Bxb4 Nd3 31. Bd2 Bb6 32. b4 Nf4 33. Ne1 h5 34. h4 Nf6 35. Qb3 Bb5 36. Bb1 Kg7 37. g3 Ne2+ 38. Kg2 Nd4 39. Qb2 Be2 40. f3 Bxf3+ 41. Kg1 Bxe4 42. b5 Qxb5 43. Qxb5 Nxb5 44. Bxe4 Nxe4 45. Bc1 Nxg3 46. Kg2 Bxe3 47. Bxe3 Nf5 48. Bf2 Nc3 0-1

[Event "San Vicente op"]
[Site "San Vicente ESP"]
[Date "2025.04.18"]
[Round "4"]
[White "Sai, Krishna GV"]
[Black "Gormally, Daniel"]
[Result "1/2-1/2"]
[WhiteElo "2384"]
[BlackElo "2428"]
[WhiteFideId "-1"]
[WhiteFideId "-1"]
[PlyCount "92"]
[GameId "2169191046138581"]
[EventDate "2025.04.16"]
[EventType "swiss"]
[EventRounds "9"]
[EventCountry "ESP"]
[SourceTitle "Mega2025 Update 25"]
[Source "Chessbase"]
[SourceDate "2025.04.26"]
[SourceVersion "1"]
[SourceVersionDate "2025.04.26"]
[SourceQuality "1"]

1. e4 c5 2. Nf3 d6 3. d4 cxd4 4. Nxd4 Nf6 5. Nc3 Nc6 6. Bg5 e6 7. Qd2 Be7 8. O-O-O O-O {8...a6 deserves study. 8...a6 verdient Beachtung.} 9. h4 Nxd4 10. Qxd4 Bd7 11. f4 h6 12. Bxf6 Bxf6 13. Qxd6 Bc6 14. Qxd8 $146 (14. Qc5 Qc7 15. e5 Be7 16. Qe3 Qa5 17. Kb1 Bc5 18. Qg3 Rfd8 19. Bc4 b5 20. Bb3 {0-1 Ledger,D (2254)-Wells,P (2491) Torquay e2e4 op 2013 (5)}) 14... Rfxd8 15. Rd5 Rd7 16. Rxd7 Rc8 17. Rd8+ Rxd8 18. Bd3 Bd4 19. Rh3 h5 20. Nd1 a5 21. Ne3 b5 22. g4 hxg4 23. Nxg4 Kf8 24. h5 Ke7 25. e5 b4 26. h6 gxh6 27. Nxh6 a4 28. b3 axb3 29. axb3 Bc3 30. Kd1 Rd4 31. f5 Rf4 32. Ke2 Bxe5 33. Ke3 Bd6 34. Ng8+ Kf8 35. Nf6 exf5 36. Nh5 Rg4 37. Bxf5 Rg5 38. Bd3 Ke7 39. Rh4 Bc5+ 40. Kf4 Rg2 41. Be4 Bxe4 42. Kxe4 Rxc2 43. Nf4 Bd6 44. Nd5+ Kd7 45. Kd3 Rb2 46. Kc4 Rc2+ 1/2-1/2

[Event "San Vicente op"]
[Site "San Vicente ESP"]
[Date "2025.04.18"]
[Round "5"]
[White "Chasin, Nico Werner"]
[Black "Sai, Krishna GV"]
[Result "1-0"]
[WhiteElo "2435"]
[BlackElo "2384"]
[WhiteFideId "-1"]
[WhiteFideId "-1"]
[PlyCount "60"]
[GameId "2169191046159105"]
[EventDate "2025.04.16"]
[EventType "swiss"]
[EventRounds "9"]
[EventCountry "ESP"]
[SourceTitle "Mega2025 Update 25"]
[Source "Chessbase"]
[SourceDate "2025.04.26"]
[SourceVersion "1"]
[SourceVersionDate "2025.04.26"]
[SourceQuality "1"]

1. d4 Nf6 2. c4 g6 3. Nc3 Bg7 4. e4 d6 5. h3 O-O 6. Be3 a5 7. Be2 Nbd7 8. Nf3 e5 9. d5 Nc5 10. Qc2 Nh5 11. g3 {11.Bxc5 might become the main line. 11.Lxc5 könnte zur Hauptfortsetzung werden.} f5 12. exf5 gxf5 $146 (12... Bxf5 13. Qd1 e4 14. Nd4 Bd7 15. Qc2 Qe7 16. O-O-O Rae8 17. Nb3 Nd3+ 18. Bxd3 exd3 19. Rxd3 {0-1 Bekker Jensen,S (2466)-Kozul,Z (2619) CRO-chT1A 25th Sibenik 2016 (7.2)}) 13. Nxe5 f4 14. gxf4 Nxf4 15. Rg1 Qe7 16. Ng4 h5 17. Bxf4 Rxf4 18. Ne3 Qe5 19. Qg6 Ne4 20. Nxe4 Rxe4 21. Rd1 Rf4 22. Rd2 Bd7 23. Bd3 Re8 24. Re2 Qf6 25. Qxh5 Re5 26. Qh7+ Kf8 27. Rg6 Qe7 28. Rg3 Qf6 29. Ng2 Rxe2+ 30. Bxe2 Rf5 1-0